Xbox Controller Controls - Statistics

General Stats
  • This quiz has been taken 1,176 times
  • The average score is 8 of 15
Answer Stats
Answer % Correct
B
99%
X
99%
A
98%
Y
98%
L Trigger
63%
R Trigger
63%
Start
53%
D Pad
51%
Left Stick
45%
Right Stick
45%
Back
32%
Black
8%
White
8%
Click Left Stick
2%
Click Right Stick
2%
No matching quizzes found
Score Distribution
Percent of People with Each Score
Percentile by Number Answered
Your Score History
You have not taken this quiz